000 00855nam a2200205Ii 4500
003 JO-AjNU
008 230605s9999||||xx |||||||||||||| ||und||
040 _aJO-AjNU
_bara
_erda
_cJO-AjNU
041 _aara
050 1 4 _aBP154.A2.A2 1999
100 3 _a وزارة الاوقاف والشئون والمقدسات الاسلامية,
_eauthor
_943699
245 0 0 _aفهرس شرح الزرقاني على مختصر خليل في الفقه المالكي
264 3 1 _aد.م: وزارة الاوقاف والشئون والمقدسات الاسلامية، 1999
300 _a478ص
336 _atext
_btxt
_2rdacontent
337 _aunmediated
_bn
_2rdamedia
338 _avolume
_bnc
_2rdacarrier
490 0 _aأعمال موسوعية مساعدة ( الفهارس والمعاجم الفقهيه) 6
650 4 _aالفقه المالكي
_943700
999 _aA18805
_c22373
_d22373